Life's greatest adventure. (Record no. 13035)

000 -LEADER
fixed length control field 00535nam a2200181 a 4500
001 - CONTROL NUMBER
control field :::00010853$&:&@@
003 - CONTROL NUMBER IDENTIFIER
control field OkBaRHE
005 - DATE AND TIME OF LATEST TRANSACTION
control field 20000607103403.0
008 - FIXED-LENGTH DATA ELEMENTS--GENERAL INFORMATION
fixed length control field s1938 j 000 0 eng u
040 ## - CATALOGING SOURCE
Transcribing agency
100 1# - MAIN ENTRY--PERSONAL NAME
Personal name Rader, Paul.
245 10 - TITLE STATEMENT
Title Life's greatest adventure.
260 ## - PUBLICATION, DISTRIBUTION, ETC. (IMPRINT)
Place of publication, distribution, etc London, UK:EN., :
Name of publisher, distributor, etc Mildmay Centre
Date of publication, distribution, etc 1938
300 ## - PHYSICAL DESCRIPTION
Extent 163 p. ;
Dimensions 25 cm.
650 ## - SUBJECT ADDED ENTRY--TOPICAL TERM
Topical term or geographic name as entry element Spiritual Life
942 ## - ADDED ENTRY ELEMENTS (KOHA)
Source of classification or shelving scheme
Koha item type Books
Copies
Koha item type Price effective from Date last seen Copy number Not for loan Damaged status Source of classification or shelving scheme Lost status Permanent Location Withdrawn status Full call number Barcode Shelving location Date acquired
Books2010-04-142010-04-141    RHEMA Bible Training College BV 4501.2 .R310853General Stacks2010-04-14